Trenije iznašivanije i smazka. Spravočnik v 2 knigach. Kniga 2.
Uložené v:
| Hlavní autori: | , , |
|---|---|
| Médium: | Kniha |
| Jazyk: | Russian |
| Vydané: |
1979
|
| Tagy: |
Pridať tag
Žiadne tagy, Buďte prvý kto otaguje tento záznam!
|
Titul je dostupný aj v ... 

MARC
| LEADER | 00000nam a2200000 a 4500 | ||
|---|---|---|---|
| 001 | 000217721 | ||
| 005 | 00000000000000.0 | ||
| 008 | 040101s1979 e ruso | ||
| 041 | 0 | |a rus | |
| 100 | 1 | |a ALISIN, V.V. |4 aut | |
| 245 | 1 | 0 | |a Trenije iznašivanije i smazka. Spravočnik v 2 knigach. Kniga 2. |
| 260 | |c 1979 | ||
| 500 | |a Záznam neprešiel kontrolou | ||
| 700 | 1 | |a ASTAŠKEVIČ, B.M. |4 aut | |
| 700 | 1 | |a BRAUN, E.D. |4 aut | |
| 910 | |a svkkk | ||
| 998 | |a BK | ||
| 090 | |g SCKHL |k Sklad Pribinova 2. posch. |a III.117432 |j 620334 |i 217721-10 |4 Zastaraná |s Vyradená | ||